<?xml version="1.0" encoding="UTF-8"?>
<record
    xmlns:xsi="http://www.w3.org/2001/XMLSchema-instance"
    xsi:schemaLocation="http://www.loc.gov/MARC21/slim http://www.loc.gov/standards/marcxml/schema/MARC21slim.xsd"
    xmlns="http://www.loc.gov/MARC21/slim">

  <leader>00379nam a22001697a 4500</leader>
  <controlfield tag="003">OSt</controlfield>
  <controlfield tag="008">240115b        |||||||| |||| 00| 0 eng d</controlfield>
  <datafield tag="020" ind1=" " ind2=" ">
    <subfield code="a">9789351732228</subfield>
  </datafield>
  <datafield tag="082" ind1=" " ind2=" ">
    <subfield code="a">658.083 SHB</subfield>
  </datafield>
  <datafield tag="100" ind1=" " ind2=" ">
    <subfield code="a">SHUKLA,SM</subfield>
  </datafield>
  <datafield tag="245" ind1=" " ind2=" ">
    <subfield code="a">Business Statistics</subfield>
  </datafield>
  <datafield tag="250" ind1=" " ind2=" ">
    <subfield code="a">Rev Ed</subfield>
  </datafield>
  <datafield tag="260" ind1=" " ind2=" ">
    <subfield code="a">Agra</subfield>
    <subfield code="b">Sahitya Bhawan</subfield>
    <subfield code="c">2023</subfield>
  </datafield>
  <datafield tag="300" ind1=" " ind2=" ">
    <subfield code="a">854</subfield>
  </datafield>
  <datafield tag="700" ind1=" " ind2=" ">
    <subfield code="a">SAHAI,SP</subfield>
  </datafield>
  <datafield tag="942" ind1=" " ind2=" ">
    <subfield code="2">ddc</subfield>
    <subfield code="c">BK</subfield>
  </datafield>
  <datafield tag="999" ind1=" " ind2=" ">
    <subfield code="c">12167</subfield>
    <subfield code="d">12167</subfield>
  </datafield>
  <datafield tag="952" ind1=" " ind2=" ">
    <subfield code="0">0</subfield>
    <subfield code="1">0</subfield>
    <subfield code="2">ddc</subfield>
    <subfield code="4">0</subfield>
    <subfield code="7">0</subfield>
    <subfield code="8">BBA</subfield>
    <subfield code="a">PIET</subfield>
    <subfield code="b">PIET</subfield>
    <subfield code="d">2023-12-29</subfield>
    <subfield code="e">Zafaa Books and Distributors</subfield>
    <subfield code="f">In rupees</subfield>
    <subfield code="g">725.00</subfield>
    <subfield code="k">ZBD0306</subfield>
    <subfield code="l">0</subfield>
    <subfield code="o">658.083 SHB</subfield>
    <subfield code="p">35337</subfield>
    <subfield code="r">2024-01-15 00:00:00</subfield>
    <subfield code="v">652.50</subfield>
    <subfield code="w">2023-12-29</subfield>
    <subfield code="y">REF</subfield>
  </datafield>
  <datafield tag="952" ind1=" " ind2=" ">
    <subfield code="0">0</subfield>
    <subfield code="1">0</subfield>
    <subfield code="2">ddc</subfield>
    <subfield code="4">0</subfield>
    <subfield code="7">0</subfield>
    <subfield code="8">BBA</subfield>
    <subfield code="a">PIET</subfield>
    <subfield code="b">PIET</subfield>
    <subfield code="d">2023-12-29</subfield>
    <subfield code="e">Zafaa Books and Distributors</subfield>
    <subfield code="f">In rupees</subfield>
    <subfield code="g">725.00</subfield>
    <subfield code="k">ZBD0306</subfield>
    <subfield code="l">5</subfield>
    <subfield code="o">658.083 SHB</subfield>
    <subfield code="p">35338</subfield>
    <subfield code="r">2026-05-25 12:02:11</subfield>
    <subfield code="s">2026-05-04</subfield>
    <subfield code="v">652.50</subfield>
    <subfield code="w">2023-12-29</subfield>
    <subfield code="y">BK</subfield>
  </datafield>
  <datafield tag="952" ind1=" " ind2=" ">
    <subfield code="0">0</subfield>
    <subfield code="1">0</subfield>
    <subfield code="2">ddc</subfield>
    <subfield code="4">0</subfield>
    <subfield code="7">0</subfield>
    <subfield code="8">BBA</subfield>
    <subfield code="a">PIET</subfield>
    <subfield code="b">PIET</subfield>
    <subfield code="d">2023-12-29</subfield>
    <subfield code="e">Zafaa Books and Distributors</subfield>
    <subfield code="f">In rupees</subfield>
    <subfield code="g">725.00</subfield>
    <subfield code="k">ZBD0306</subfield>
    <subfield code="l">5</subfield>
    <subfield code="o">658.083 SHB</subfield>
    <subfield code="p">35339</subfield>
    <subfield code="r">2026-06-03 16:15:43</subfield>
    <subfield code="s">2026-05-21</subfield>
    <subfield code="v">652.50</subfield>
    <subfield code="w">2023-12-29</subfield>
    <subfield code="y">BK</subfield>
  </datafield>
  <datafield tag="952" ind1=" " ind2=" ">
    <subfield code="0">0</subfield>
    <subfield code="1">0</subfield>
    <subfield code="2">ddc</subfield>
    <subfield code="4">0</subfield>
    <subfield code="7">0</subfield>
    <subfield code="8">BBA</subfield>
    <subfield code="a">PIET</subfield>
    <subfield code="b">PIET</subfield>
    <subfield code="d">2023-12-29</subfield>
    <subfield code="e">Zafaa Books and Distributors</subfield>
    <subfield code="f">In rupees</subfield>
    <subfield code="g">725.00</subfield>
    <subfield code="k">ZBD0306</subfield>
    <subfield code="l">4</subfield>
    <subfield code="o">658.083 SHB</subfield>
    <subfield code="p">35340</subfield>
    <subfield code="q">2026-06-02</subfield>
    <subfield code="r">2026-05-19 11:28:01</subfield>
    <subfield code="s">2026-05-19</subfield>
    <subfield code="v">652.50</subfield>
    <subfield code="w">2023-12-29</subfield>
    <subfield code="y">BK</subfield>
  </datafield>
  <datafield tag="952" ind1=" " ind2=" ">
    <subfield code="0">0</subfield>
    <subfield code="1">0</subfield>
    <subfield code="2">ddc</subfield>
    <subfield code="4">0</subfield>
    <subfield code="7">0</subfield>
    <subfield code="8">BBA</subfield>
    <subfield code="a">PIET</subfield>
    <subfield code="b">PIET</subfield>
    <subfield code="d">2023-12-29</subfield>
    <subfield code="e">Zafaa Books and Distributors</subfield>
    <subfield code="f">In rupees</subfield>
    <subfield code="g">725.00</subfield>
    <subfield code="k">ZBD0306</subfield>
    <subfield code="l">3</subfield>
    <subfield code="o">658.083 SHB</subfield>
    <subfield code="p">35341</subfield>
    <subfield code="r">2026-06-03 16:15:39</subfield>
    <subfield code="s">2026-05-21</subfield>
    <subfield code="v">652.50</subfield>
    <subfield code="w">2023-12-29</subfield>
    <subfield code="y">BK</subfield>
  </datafield>
  <datafield tag="952" ind1=" " ind2=" ">
    <subfield code="0">0</subfield>
    <subfield code="1">0</subfield>
    <subfield code="2">ddc</subfield>
    <subfield code="4">0</subfield>
    <subfield code="7">0</subfield>
    <subfield code="8">BBA</subfield>
    <subfield code="a">PIET</subfield>
    <subfield code="b">PIET</subfield>
    <subfield code="d">2023-12-29</subfield>
    <subfield code="e">Zafaa Books and Distributors</subfield>
    <subfield code="f">In rupees</subfield>
    <subfield code="g">725.00</subfield>
    <subfield code="k">ZBD0306</subfield>
    <subfield code="l">5</subfield>
    <subfield code="o">658.083 SHB</subfield>
    <subfield code="p">35342</subfield>
    <subfield code="r">2026-06-03 12:54:02</subfield>
    <subfield code="s">2026-05-22</subfield>
    <subfield code="v">652.50</subfield>
    <subfield code="w">2023-12-29</subfield>
    <subfield code="y">BK</subfield>
  </datafield>
  <datafield tag="952" ind1=" " ind2=" ">
    <subfield code="0">0</subfield>
    <subfield code="1">0</subfield>
    <subfield code="2">ddc</subfield>
    <subfield code="4">0</subfield>
    <subfield code="7">0</subfield>
    <subfield code="8">BBA</subfield>
    <subfield code="a">PIET</subfield>
    <subfield code="b">PIET</subfield>
    <subfield code="d">2023-12-29</subfield>
    <subfield code="e">Zafaa Books and Distributors</subfield>
    <subfield code="f">In rupees</subfield>
    <subfield code="g">725.00</subfield>
    <subfield code="k">ZBD0306</subfield>
    <subfield code="l">3</subfield>
    <subfield code="o">658.083 SHB</subfield>
    <subfield code="p">35343</subfield>
    <subfield code="r">2026-05-26 10:08:35</subfield>
    <subfield code="s">2026-05-18</subfield>
    <subfield code="v">652.50</subfield>
    <subfield code="w">2023-12-29</subfield>
    <subfield code="y">BK</subfield>
  </datafield>
  <datafield tag="952" ind1=" " ind2=" ">
    <subfield code="0">0</subfield>
    <subfield code="1">0</subfield>
    <subfield code="2">ddc</subfield>
    <subfield code="4">0</subfield>
    <subfield code="7">0</subfield>
    <subfield code="8">BBA</subfield>
    <subfield code="a">PIET</subfield>
    <subfield code="b">PIET</subfield>
    <subfield code="d">2023-12-29</subfield>
    <subfield code="e">Zafaa Books and Distributors</subfield>
    <subfield code="f">In rupees</subfield>
    <subfield code="g">725.00</subfield>
    <subfield code="k">ZBD0306</subfield>
    <subfield code="l">6</subfield>
    <subfield code="o">658.083 SHB</subfield>
    <subfield code="p">35344</subfield>
    <subfield code="r">2026-06-05 12:50:32</subfield>
    <subfield code="s">2026-05-25</subfield>
    <subfield code="v">652.50</subfield>
    <subfield code="w">2023-12-29</subfield>
    <subfield code="y">BK</subfield>
  </datafield>
  <datafield tag="952" ind1=" " ind2=" ">
    <subfield code="0">0</subfield>
    <subfield code="1">0</subfield>
    <subfield code="2">ddc</subfield>
    <subfield code="4">0</subfield>
    <subfield code="7">0</subfield>
    <subfield code="8">BBA</subfield>
    <subfield code="a">PIET</subfield>
    <subfield code="b">PIET</subfield>
    <subfield code="d">2023-12-29</subfield>
    <subfield code="e">Zafaa Books and Distributors</subfield>
    <subfield code="f">In rupees</subfield>
    <subfield code="g">725.00</subfield>
    <subfield code="k">ZBD0306</subfield>
    <subfield code="l">5</subfield>
    <subfield code="o">658.083 SHB</subfield>
    <subfield code="p">35345</subfield>
    <subfield code="q">2026-10-05</subfield>
    <subfield code="r">2026-03-18 00:00:00</subfield>
    <subfield code="s">2026-03-18</subfield>
    <subfield code="v">652.50</subfield>
    <subfield code="w">2023-12-29</subfield>
    <subfield code="y">BK</subfield>
  </datafield>
  <datafield tag="952" ind1=" " ind2=" ">
    <subfield code="0">0</subfield>
    <subfield code="1">0</subfield>
    <subfield code="2">ddc</subfield>
    <subfield code="4">0</subfield>
    <subfield code="7">0</subfield>
    <subfield code="8">BBA</subfield>
    <subfield code="a">PIET</subfield>
    <subfield code="b">PIET</subfield>
    <subfield code="d">2023-12-29</subfield>
    <subfield code="e">Zafaa Books and Distributors</subfield>
    <subfield code="f">In rupees</subfield>
    <subfield code="g">725.00</subfield>
    <subfield code="k">ZBD0306</subfield>
    <subfield code="l">7</subfield>
    <subfield code="o">658.083 SHB</subfield>
    <subfield code="p">35346</subfield>
    <subfield code="r">2026-06-03 12:19:40</subfield>
    <subfield code="s">2026-05-26</subfield>
    <subfield code="v">652.50</subfield>
    <subfield code="w">2023-12-29</subfield>
    <subfield code="y">BK</subfield>
  </datafield>
</record>
